00646nam a2200157Ia 4500999001700000082001200017100002600029245015100055260003200206300001000238650005400248650005400302710002000356942001200376952010000388 c20388d20388 aTV.0039 aVerma, Harish Chandra 0aSociological analysis of rural reconstruction and community development programmes in Uttar Pradesh with special reference to Gorakhpur Divisionxz c1968bUniversity of Lucknow a484p. aCOMMUNITY DEVELOPMENT - UTTAR PRADESH - GORAKHPUR aREHABILITATION, RURAL - UTTAR PRADESH - GORAKHPUR aShushil Chandra cTH2ddc 00104070aNASSDOCbNASSDOCd2004-10-08l0oTV.0039p4668r2019-04-18 00:00:00w2019-04-18yTH